00328nam a2200121Ia 4500008004100000082001600041100002100057245003900078250000800117260003100125300001000156650004000166150201s2008 xx 000 0 und d a612.3bM08A aALPERS, DAVID H. aMANUAL OF NUTRITIONAL THERAPEUTIES a5TH bWOLTER KLUMERaDELHIc2008 a1-642 aOTHER CLINICAL & NON CLINICAL BOOKS